000 00539cam a2200205ua 4500
001 9680
008 160318n ii |||gr||||Z||||||eng
020 _a9789384303044
040 _cMAIN
041 _aeng
082 _a004
100 _aDeka, Monoj Kumar,
_eAuthor.
245 1 _aComputer skill
_cby Monoj Kumar Deka
250 _a2nd re. & enl. ed./rep.
260 _aDibrugarh:
_bMahaveer publications,
_c2015.
300 _a248p.
653 _aData processing & computer science
700 _aHussain, Sadiq,
_eAuthor.
942 _cBK
999 _c8697
_d8697